Incipits les plus célèbres de la littérature - Statistiques

Statistiques générales
  • Ce quiz a été pris 301 fois
  • Le résultat moyen est 5 sur 12
Statistiques - réponses
Incipit Œuvre % Correct
« Aujourd’hui, maman est morte. Ou peut-être hier, je ne sais pas. » L'Étranger
96%
« En se réveillant un matin après des rêves agités, Gregor Samsa se retrouva, dans son lit, métamorphosé en un monstrueux insecte. » La Métamorphose
75%
« Longtemps, je me suis couché de bonne heure. » Du côté de chez Swann
61%
« Condamné à mort ! Voilà cinq semaines que j’habite avec cette pensée, toujours seul avec elle, toujours glacé de sa présence, toujours courbé sous son poids ! » Le dernier jour d'un condamné
58%
« La première fois qu’Aurélien vit Bérénice, il la trouva franchement laide. » Aurélien
57%
« Comment s'étaient-ils rencontrés? Par hasard, comme tout le monde. Comment s'appelaient-ils? Que vous importe? D'où venaient-ils? Du lieu le plus prochain. Où allaient-ils? Est-ce que l'on sait où l'on va? Que disaient-ils? Le maître ne disait rien ; et Jacques disait que son capitaine disait que tout ce qui nous arrive de bien et de mal ici-bas était écrit là-haut. » Jacques le fataliste et son maître
37%
« Lorsque j’avais six ans j’ai vu, une fois, une magnifique image, dans un livre sur la Forêt Vierge qui s’appelait " Histoires Vécues ". Ça représentait un serpent boa qui avalait un fauve. » Le Petit Prince
35%
« Dans la plaine rase, sous la nuit sans étoiles, d’une obscurité et d’une épaisseur d’encre, un homme suivait seul la grande route de Marchiennes à Montsou, dix kilomètres de pavé coupant tout droit, à travers les champs de betteraves. » Germinal
27%
« Ça a débuté comme ça. » Voyage au bout de la nuit
26%
« Je forme une entreprise qui n'eut jamais d'exemple et dont l'exécution n'aura point d'imitateur. Je veux montrer à mes semblables un homme dans toute la vérité de la nature ; et cet homme ce sera moi. » Les Confessions
24%
« Quoi que puisse dire Aristote et toute la philosophie, il n’est rien d’égal au tabac : c’est la passion des honnêtes gens, et qui vit sans tabac n’est pas digne de vivre. » Dom Juan
8%
« L'œil, d'abord, glisserait sur la moquette grise d'un long corridor, haut et étroit. Les murs seraient des placards de bois clair, dont les ferrures de cuivre luiraient. » Les Choses
5%
Aucun quiz correspondant
Distribution des résultats
% des personnes avec chaque résultat
Percentile par nombre de réponses
Votre historique - résultats
Vous n’avez pas pris ce quiz